| 000 | 00601nam a2200205 i 4500 | ||
|---|---|---|---|
| 001 | 110627 | ||
| 003 | ES-MaACL | ||
| 005 | 20230906185116.0 | ||
| 007 | t| | ||
| 008 | 070206s1917 sp ||||1| spa d | ||
| 080 | _a821.134.2-32"19" | ||
| 100 | 1 |
_aLópez de Haro, Rafael. _973547 |
|
| 245 | 1 | 3 |
_aEl triunfo de la sangre _b: novela inédita / _cpor Rafael López de Haro. |
| 260 |
_a[Madrid : _bLa Novela Corta, _c1917] |
||
| 300 |
_a[24] p. ; _c20 cm. |
||
| 490 | 1 | _aLa novela corta | |
| 830 | 0 |
_aLa novela corta _9182142 |
|
| 852 |
_aES-MaACL _j2213-F-41 _bR.138649 |
||
| 999 |
_c110627 _d110627 |
||